<?xml version="1.0" encoding="UTF-8"?>
<record
    xmlns:xsi="http://www.w3.org/2001/XMLSchema-instance"
    xsi:schemaLocation="http://www.loc.gov/MARC21/slim http://www.loc.gov/standards/marcxml/schema/MARC21slim.xsd"
    xmlns="http://www.loc.gov/MARC21/slim">

  <leader>00741nam a2200193Ia 4500</leader>
  <controlfield tag="003">OSt</controlfield>
  <controlfield tag="005">20251115120025.0</controlfield>
  <controlfield tag="008">210210b2008   xxu||||| |||| 00| 0 eng d</controlfield>
  <datafield tag="040" ind1=" " ind2=" ">
    <subfield code="c">AL</subfield>
  </datafield>
  <datafield tag="041" ind1=" " ind2=" ">
    <subfield code="a">Kannada</subfield>
  </datafield>
  <datafield tag="082" ind1=" " ind2=" ">
    <subfield code="a">070K NARP</subfield>
  </datafield>
  <datafield tag="100" ind1=" " ind2=" ">
    <subfield code="a">NARAYANA RAV (S) Ed</subfield>
    <subfield code="9">142121</subfield>
    <subfield code="d">&#xCA8;&#xCBE;&#xCB0;&#xCBE;&#xCAF;&#xCA3; &#xCB0;&#xCBE;&#xCB5;&#xCCD; (&#xC8E;&#xCB8;&#xCCD;)</subfield>
  </datafield>
  <datafield tag="245" ind1=" " ind2=" ">
    <subfield code="a">Patrikodyama mattu bhashantara: vichara sankiranadalli nidida upanyasagala sankalana</subfield>
    <subfield code="b">&#xCAA;&#xCA4;&#xCCD;&#xCB0;&#xCBF;&#xC95;&#xCCB;&#xCA6;&#xCCD;&#xCAF;&#xCAE; &#xCAE;&#xCA4;&#xCCD;&#xCA4;&#xCC1; &#xCAD;&#xCBE;&#xCB7;&#xCBE;&#xC82;&#xCA4;&#xCB0; : &#xCB5;&#xCBF;&#xC9A;&#xCBE;&#xCB0; &#xCB8;&#xC82;&#xC95;&#xCC0;&#xCB0;&#xCCD;&#xCA3;&#xCA6;&#xCB2;&#xCCD;&#xCB2;&#xCBF; &#xCA8;&#xCC0;&#xCA1;&#xCBF;&#xCA6; &#xC89;&#xCAA;&#xCA8;&#xCCD;&#xCAF;&#xCBE;&#xCB8;&#xC97;&#xCB3; &#xCB8;&#xC82;&#xC95;&#xCB2;&#xCA8; </subfield>
  </datafield>
  <datafield tag="260" ind1=" " ind2=" ">
    <subfield code="a">Kundapura</subfield>
    <subfield code="b">-</subfield>
    <subfield code="c">2008</subfield>
  </datafield>
  <datafield tag="300" ind1=" " ind2=" ">
    <subfield code="a">x,118</subfield>
  </datafield>
  <datafield tag="690" ind1=" " ind2=" ">
    <subfield code="a">Journalism</subfield>
    <subfield code="9">142122</subfield>
  </datafield>
  <datafield tag="906" ind1=" " ind2=" ">
    <subfield code="a">062780</subfield>
  </datafield>
  <datafield tag="942" ind1=" " ind2=" ">
    <subfield code="2">ddc</subfield>
    <subfield code="c">BK</subfield>
  </datafield>
  <datafield tag="999" ind1=" " ind2=" ">
    <subfield code="c">129831</subfield>
    <subfield code="d">129831</subfield>
  </datafield>
  <datafield tag="952" ind1=" " ind2=" ">
    <subfield code="0">0</subfield>
    <subfield code="1">0</subfield>
    <subfield code="2">ddc</subfield>
    <subfield code="4">0</subfield>
    <subfield code="7">0</subfield>
    <subfield code="8">JR</subfield>
    <subfield code="a">AL</subfield>
    <subfield code="b">AL</subfield>
    <subfield code="c">Journalism</subfield>
    <subfield code="d">2021-02-17</subfield>
    <subfield code="e">Bhandarkar's College, Kundapura.</subfield>
    <subfield code="g">70.00</subfield>
    <subfield code="l">0</subfield>
    <subfield code="o">070K NARP</subfield>
    <subfield code="p">062781</subfield>
    <subfield code="r">2021-02-17 00:00:00</subfield>
    <subfield code="w">2021-02-17</subfield>
    <subfield code="y">BK</subfield>
  </datafield>
  <datafield tag="952" ind1=" " ind2=" ">
    <subfield code="0">0</subfield>
    <subfield code="1">0</subfield>
    <subfield code="2">ddc</subfield>
    <subfield code="4">0</subfield>
    <subfield code="7">0</subfield>
    <subfield code="8">JR</subfield>
    <subfield code="a">AL</subfield>
    <subfield code="b">AL</subfield>
    <subfield code="c">Journalism</subfield>
    <subfield code="d">2021-02-17</subfield>
    <subfield code="e">Bhandarkar's College, Kundapura.</subfield>
    <subfield code="g">70.00</subfield>
    <subfield code="l">1</subfield>
    <subfield code="o">070K NARP</subfield>
    <subfield code="p">062780</subfield>
    <subfield code="r">2022-07-16 00:00:00</subfield>
    <subfield code="s">2022-07-11</subfield>
    <subfield code="w">2021-02-17</subfield>
    <subfield code="y">BK</subfield>
  </datafield>
</record>
